90Robert Mugabe (Record no. 10586)
[ view plain ]
| 000 -LEADER | |
|---|---|
| fixed length control field | 00212 a2200097 4500 |
| 020 ## - INTERNATIONAL STANDARD BOOK NUMBER | |
| International Standard Book Number | 9780797458024 |
| 005 - DATE AND TIME OF LATEST TRANSACTION | |
| control field | 20191017173658.0 |
| 084 ## - OTHER CLASSIFICATION NUMBER | |
| Classification number | NONE |
| 100 ## - MAIN ENTRY--PERSONAL NAME | |
| Personal name | National Gallery of zimbabwe |
| 245 ## - TITLE STATEMENT | |
| Title | 90Robert Mugabe |
| Medium | Text |
| 260 ## - PUBLICATION, DISTRIBUTION, ETC. | |
| Date of publication, distribution, etc. | 2014 |
No items available.